Outsourcing a offshoring podnikateľských činností bakalárska práca

Gespeichert in:
Bibliographische Detailangaben
1. Verfasser: Butvinová, Silvia
Körperschaft: Fakulta podnikového manažmentu EU. Katedra manažmentu
Weitere Verfasser: Badáňová, Lucia
Format: Buch
Sprache:Slowakisch
Veröffentlicht: Bratislava 2013
Tags: Tag hinzufügen
Keine Tags, Fügen Sie das erste Tag hinzu!

MARC

LEADER 00000nbm a2200000 4500
001 0177010
005 20170314110556.4
041 0 |a slo 
044 |a SK 
245 1 0 |a Outsourcing a offshoring podnikateľských činností  |b bakalárska práca  |c Silvia Butvinová ; školiteľ: Lucia Badáňová 
264 1 |a Bratislava  |c 2013 
300 |a 47 s. 
100 1 |a Butvinová, Silvia 
700 1 |a Badáňová, Lucia 
710 2 |a Fakulta podnikového manažmentu EU. Katedra manažmentu